Pierre Crotti et al., eds, Premiers hommes dans les Alpes de 50 000 à 5 000 avant Jésus-Christ, Lausanne, Éditions Payot/Sion, Musées cantonaux du Valais, 2002, 199 p., bibl., gloss. (notice n° 1643300)
[ vue normale ]
| 000 -LEADER | |
|---|---|
| fixed length control field | 00594cam a2200145 4500500 |
| 005 - DATE AND TIME OF LATEST TRANSACTION | |
| control field | 20260201165227.0 |
| 041 ## - LANGUAGE CODE | |
| Language code of text/sound track or separate title | fre |
| 042 ## - AUTHENTICATION CODE | |
| Authentication code | dc |
| 100 10 - MAIN ENTRY--PERSONAL NAME | |
| Personal name | Masset, Claude |
| Relator term | author |
| 245 00 - TITLE STATEMENT | |
| Title | Pierre Crotti et al., eds, Premiers hommes dans les Alpes de 50 000 à 5 000 avant Jésus-Christ, Lausanne, Éditions Payot/Sion, Musées cantonaux du Valais, 2002, 199 p., bibl., gloss. |
| 260 ## - PUBLICATION, DISTRIBUTION, ETC. | |
| Date of publication, distribution, etc. | 2003.<br/> |
| 500 ## - GENERAL NOTE | |
| General note | 81 |
| 786 0# - DATA SOURCE ENTRY | |
| Note | L'Homme | 165 | 1 | 2003-03-01 | p. 309p-348p | 0439-4216 |
| 856 41 - ELECTRONIC LOCATION AND ACCESS | |
| Uniform Resource Identifier | <a href="https://shs.cairn.info/revue-l-homme-2003-1-page-309p?lang=fr&redirect-ssocas=7080">https://shs.cairn.info/revue-l-homme-2003-1-page-309p?lang=fr&redirect-ssocas=7080</a> |
Pas d'exemplaire disponible.




Réseaux sociaux